[Event "Invitation"]
[Site "http://www.queenalice.com/game.php?id=1072224"]
[Date "2012.6.15"]
[Round "-"]
[White "Oscar1961"]
[Black "samx"]
[Result "0-1"]
[WhiteElo "1210"]
[BlackElo "1326"]

1. g3 e5 2. Bh3 Nf6 3. Nc3 d5 4. e3 e4 5. Qe2 Bd6 6. a4 O-O 7. b3 Nc6 8. g4 d4
9. g5 Ne8 10. Nb5 Nb4 11. Kd1 Qxg5 12. Nxd6 Nxd6 13. c3 Nc6 14. cxd4 Nb4 15. Ba3
a5 16. Rc1 b5 17. Rxc7 Bb7 18. Rd7 Rad8 19. axb5 Rc8 20. Bxb4 Nxb5 21. Qxb5 Qf5
22. Qe2 Qg5 23. Bd6 Bd5 24. Ke1 Rc1+ 25. Qd1 Rxd1+ 26. Kxd1 Bxb3+ 27. Kc1 Qh5
28. Bxf8 Qd1+ 29. Kb2 Qc2+ 30. Ka3 Qa2# 0-1

[Event "Invitation"]
[Site "http://www.queenalice.com/game.php?id=1075179"]
[Date "2012.6.23"]
[Round "-"]
[White "samx"]
[Black "Oscar1961"]
[Result "0-1"]
[WhiteElo "1318"]
[BlackElo "1127"]

1. d4 b6 2. Nc3 Nc6 3. e3 Nf6 4. Bb5 a6 5. Bc4 Na5 6. Bd3 d5 7. e4 dxe4 8. Nxe4
b5 9. Nf3 h5 10. O-O c6 11. b3 b4 12. Nfg5 Qxd4 13. Nf3 Qxa1 14. Ne5 Qxe5 15. f4
Qe6 16. Ng5 Qd6 17. Qe1 Qc5+ 18. Be3 Qd5 19. Qh4 Ng4 20. Be4 Qd6 0-1

[Event "Challenge"]
[Site "http://www.queenalice.com/game.php?id=1077607"]
[Date "2012.6.29"]
[Round "-"]
[White "samx"]
[Black "cesarcavalli"]
[Result "0-1"]
[WhiteElo "1348"]
[BlackElo "2067"]

1. e4 e6 2. Nc3 d5 3. d4 Nf6 4. Bd3 c5 5. Nf3 cxd4 6. Nxd4 e5 7. Be3 exd4 8.
Bxd4 Bb4 9. O-O dxe4 10. Ne2 exd3 11. Qxd3 O-O 12. c3 Be7 13. f4 Nc6 14. Rf3
Nxd4 15. cxd4 Be6 16. h3 Rc8 0-1

[Event "Invitation"]
[Site "http://www.queenalice.com/game.php?id=1087282"]
[Date "2012.7.27"]
[Round "-"]
[White "samx"]
[Black "Oscar1961"]
[Result "0-1"]
[WhiteElo "1262"]
[BlackElo "1141"]

1. d4 d5 2. e3 g5 3. Bb5+ Nc6 4. Nf3 a6 5. Ba4 Nf6 6. Nxg5 b5 7. Bb3 h6 8. Qh5
Nxh5 9. g4 Bxg4 10. Rg1 Bf5 11. Nd2 hxg5 12. Rxg5 e6 13. f3 Qxg5 14. f4 Qg1+ 15.
Nf1 Bb4+ 16. c3 Bd6 17. Bd2 Na5 18. Bd1 Nc4 19. Bb3 Nxd2 20. Kxd2 Qxf1 21. Rxf1
b4 22. Kc1 Rg8 23. c4 dxc4 24. Bxc4 Rb8 25. Bxa6 Rg2 26. a4 Rxh2 27. Rg1 b3 28.
Rg8+ Bf8 29. Bb5+ Ke7 30. Rg1 Rc2+ 31. Kd1 Bg4+ 32. Rxg4 Rxb5 33. axb5 Ke8 34.
Rg5 Nf6 35. Re5 Ng4 36. Rg5 Nxe3+ 37. Ke1 Bb4# 0-1

[Event "Invitation"]
[Site "http://www.queenalice.com/game.php?id=1094039"]
[Date "2012.8.18"]
[Round "-"]
[White "samx"]
[Black "Oscar1961"]
[Result "0-1"]
[WhiteElo "1236"]
[BlackElo "1165"]

1. e4 e5 2. Nf3 Nc6 3. Bb5 a6 4. Ba4 b5 5. Bb3 Nh6 6. c3 Be7 7. d4 exd4 8. cxd4
O-O 9. d5 Nb4 10. Qd2 a5 11. a3 Na6 12. Qd3 c6 13. Bc2 Nc5 14. Qd4 Qc7 15. b4
axb4 16. axb4 Bf6 17. Qxc5 Rxa1 18. e5 Bxe5 0-1

[Event "Challenge"]
[Site "http://www.queenalice.com/game.php?id=1096179"]
[Date "2012.8.25"]
[Round "-"]
[White "Oscar1961"]
[Black "samx"]
[Result "0-1"]
[WhiteElo "1183"]
[BlackElo "1214"]

1. e4 g6 2. c4 d6 3. b4 b6 4. Bb2 Bb7 5. Bxh8 Bxe4 6. Bc3 Nf6 7. Qa4+ Bc6 8. Qa3
Ne4 9. Be2 e5 10. d3 Ng5 11. Nh3 Bxg2 12. Nxg5 Bxh1 13. Nxh7 Bg7 14. f3 Qh4+ 15.
Kf1 Qh3+ 16. Kf2 Qxh2+ 17. Kf1 Qxh7 18. b5 Qh3+ 19. Kf2 Qg2+ 20. Ke1 Qg3+ 21.
Kd1 Qg1+ 22. Kc2 Qg2 23. Nd2 Qxe2 24. Rxh1 Ke7 25. Rh7 Kf8 26. Qc1 Nd7 27. Rh1
Nc5 28. Re1 Qxd3+ 29. Kb2 Na4+ 30. Kb3 e4 31. Rd1 Nxc3 32. Re1 Ne2+ 33. Qc3
Qxc3+ 34. Ka4 a6 35. Rxe2 axb5+ 36. Kxb5 Qa5+ 37. Kc6 Qc5+ 38. Kb7 Rxa2 39. fxe4
Qh5 40. Re3 Rxd2 41. Kxc7 Qc5+ 42. Kd7 Qxe3 43. Kd8 Ra2 44. Kc8 Ra7 45. Kb8 Qa3
46. e5 Ra8+ 47. Kc7 Bxe5 48. Kxb6 Rc8 49. Kb5 Qb2+ 50. Ka6 Ra8# 0-1

[Event "Invitation"]
[Site "http://www.queenalice.com/game.php?id=1099796"]
[Date "2012.9.5"]
[Round "-"]
[White "samx"]
[Black "Oscar1961"]
[Result "1-0"]
[WhiteElo "1230"]
[BlackElo "1223"]

1. c4 Nf6 2. Nc3 Nc6 3. e3 a5 4. d4 e5 5. d5 Nb4 6. Nf3 c6 7. Be2 cxd5 8. cxd5
Bd6 9. O-O e4 10. Nd4 O-O 11. a3 Nbxd5 12. Ncb5 Bc5 13. Nb3 a4 14. Nxc5 Ra5 15.
b4 Rxb5 16. Bxb5 Qb6 17. Qxa4 Nc3 18. Qc2 Nxb5 19. a4 d6 20. a5 Qd8 21. Nxe4 d5
22. Nxf6+ Qxf6 23. Qc5 Bd7 24. Bb2 Qxb2 25. Qxd5 Rd8 26. Qxb7 Qxb4 27. a6 Bc8
28. Qc6 g6 29. a7 Bd7 30. Qb6 Re8 31. a8=Q Rxa8 32. Rxa8+ Kg7 33. Qd8 Be6 34. f4
f5 35. Qh8+ Kh6 36. Re8 Qe4 37. h4 Nd6 38. Qf8+ Kh5 39. Qxd6 Qxe3+ 40. Kh2 Qe2
41. Rf3 Kg4 42. Rxe6 Qa2 43. Qd8 h6 44. Rxg6+ Kh5 45. Rfg3 Qc4 46. Rxh6+ Kxh6
47. Qf6+ Kh7 48. Qg7# 1-0

[Event "Challenge"]
[Site "http://www.queenalice.com/game.php?id=1100122"]
[Date "2012.9.6"]
[Round "-"]
[White "roli68"]
[Black "samx"]
[Result "0-1"]
[WhiteElo "1507"]
[BlackElo "1230"]

1. e4 c5 2. Nc3 Nc6 3. Nh3 d6 4. Bb5 e5 5. a4 Ne7 6. Qf3 g6 7. Nd5 Nxd5 8. exd5
a6 9. Bc4 Nd4 10. Qc3 Bf5 11. f4 Nxc2+ 12. Ke2 Nxa1 13. d3 Bg4+ 14. Kd2 Qh4 15.
b4 Bxh3 16. gxh3 Qf2+ 17. Kd1 Qf3+ 18. Kd2 Qxh1 19. Qxa1 Qxh2+ 20. Kc3 exf4 21.
bxc5 Qxh3 22. Bd2 Bg7+ 23. Kc2 Bxa1 24. Bc3 Qg2+ 25. Kb3 Qg1 26. Kb4 Qb1+ 27.
Bb3 O-O 28. cxd6 Bxc3+ 29. Kxc3 Rac8+ 30. Kb4 b6 31. d7 Rc7 32. d8=Q Rxd8 33.
Ka3 a5 34. d4 Qa1+ 35. Ba2 Rc3# 0-1

[Event "Invitation"]
[Site "http://www.queenalice.com/game.php?id=1102680"]
[Date "2012.9.14"]
[Round "-"]
[White "samx"]
[Black "Oscar1961"]
[Result "0-1"]
[WhiteElo "1247"]
[BlackElo "1242"]

1. d4 Nc6 2. e4 e5 3. d5 Nd4 4. c3 c6 5. cxd4 cxd5 6. exd5 Qa5+ 7. Bd2 Qxd5 8.
Ne2 b6 9. Nbc3 Qd6 10. f4 exd4 11. Ne4 Qe6 12. N2g3 d5 13. Qa4+ Bd7 14. Qxd4 f5
15. O-O-O fxe4 16. Re1 Rc8+ 17. Bc3 Qd6 18. Kb1 Nf6 19. Bb4 Qc6 20. Rc1 Qb7 21.
Qe5+ Kf7 22. Rxc8 Bxc8 23. Bxf8 Rxf8 24. Bb5 a6 25. Ba4 b5 26. Bb3 g6 27. Rd1
Rd8 28. Nxe4 Nxe4 29. Bxd5+ Rxd5 30. Rxd5 Nf6 31. Rd4 Bf5+ 32. Ka1 Qc8 33. Qe1
Qc5 34. Qd1 Kg7 35. a3 Bg4 36. Qe1 Qxd4 37. Qe7+ Kh6 38. Qf8+ Kh5 39. g3 Bh3 40.
Qe8 Nxe8 0-1

[Event "Invitation"]
[Site "http://www.queenalice.com/game.php?id=1105296"]
[Date "2012.9.22"]
[Round "-"]
[White "Oscar1961"]
[Black "samx"]
[Result "1-0"]
[WhiteElo "1258"]
[BlackElo "1257"]

1. Nf3 c5 2. e4 Nc6 3. Bb5 a6 4. Bxc6 dxc6 5. O-O g6 6. b3 Bg7 7. Nc3 Bg4 8. h3
Bxf3 9. Qxf3 e5 10. d3 Qd4 11. Bb2 Nf6 12. a4 b5 13. Qe2 O-O 14. Qe1 Rad8 15.
Rb1 Qd6 16. axb5 axb5 17. Ra1 Nh5 18. Ra6 Qf6 19. Nxb5 Qg5 20. Rxc6 Nf4 21. g3
Nxh3+ 22. Kh2 Nf4 23. gxf4 exf4 24. Bxg7 Kxg7 25. f3 h5 26. Rg1 Qf6 27. Rxf6
Kxf6 28. Qh4+ g5 29. Qxg5+ Ke6 30. Qxh5 Rh8 31. Qxh8 Rxh8+ 32. Kg2 Rg8+ 33. Kf2
Rxg1 34. Kxg1 Ke5 35. d4+ cxd4 36. b4 Ke6 37. Nc7+ Kd6 38. Na6 Kc6 39. Kh2 Kb5
40. Nc7+ Kxb4 41. Nd5+ Kc4 42. Nxf4 Kc3 43. Ne2+ Kxc2 44. Nxd4+ Kd3 45. Nf5 Ke2
46. Nh4 Ke3 47. Kg3 Kd4 48. Kg4 Ke5 49. f4+ Kxe4 50. Kg5 f6+ 51. Kg4 Kd5 52. Kf5
Kd4 53. Kxf6 Ke4 54. f5 Kf4 55. Kg6 Ke5 56. f6 Kf4 57. f7 Kg4 58. Ng2 Kf3 59.
Ne1+ Ke2 60. Nc2 Kd3 61. Na3 Kd4 62. Kf5 Kc3 63. Ke4 Kb4 64. f8=Q+ Kc3 65. Qf3+
Kb4 66. Kd5 Ka5 67. Qb3 Ka6 68. Nc4 Ka7 69. Kc6 Ka6 70. Qa3# 1-0

[Event "Invitation"]
[Site "http://www.queenalice.com/game.php?id=1107524"]
[Date "2012.9.29"]
[Round "-"]
[White "Oscar1961"]
[Black "samx"]
[Result "1-0"]
[WhiteElo "1280"]
[BlackElo "1222"]

1. Nf3 f5 2. Nd4 e6 3. e3 b6 4. Bc4 Nf6 5. O-O Bb7 6. a4 c5 7. Nb5 d5 8. Bd3 a6
9. N5c3 c4 10. Be2 Bb4 11. Bf3 O-O 12. d4 Ng4 13. h3 Rf6 14. hxg4 Rh6 15. g3 Qg5
16. e4 Qg6 17. exf5 exf5 18. g5 Rh3 19. Kg2 Rxg3+ 20. Kxg3 Bd6+ 21. Kg2 f4 22.
Bxd5+ Kh8 23. f3 Qxg5+ 24. Kf2 Qg3+ 25. Ke2 Nc6 26. Bxc6 Bxc6 27. Ne4 Qg2+ 28.
Rf2 Qg6 29. d5 Bb7 30. Nbd2 Bxd5 31. Nxd6 Qxd6 32. Ne4 Qe5 33. c3 Re8 34. Kf1
Qh5 35. Kg2 Bxe4 36. Qd7 Bf5 37. Qd5 Re1 38. Qd8+ Re8 39. Qd5 h6 40. Qd2 Qh3+
41. Kg1 Qg3+ 42. Rg2 Qxf3 43. b3 Qe3+ 44. Qxe3 Rxe3 45. Bxe3 1-0

[Event "Invitation"]
[Site "http://www.queenalice.com/game.php?id=1174941"]
[Date "2013.4.25"]
[Round "-"]
[White "samx"]
[Black "Oscar1961"]
[Result "1-0"]
[WhiteElo "1195"]
[BlackElo "1352"]

1. e4 e5 2. Nf3 f6 3. d4 exd4 4. Nxd4 Bc5 5. c3 Bxd4 6. cxd4 d6 7. Be2 f5 8. Nc3
Nf6 9. Bg5 h6 10. Bxf6 gxf6 11. exf5 a5 12. O-O Bxf5 13. Bb5+ c6 14. Qh5+ Ke7
15. Rae1+ Kf8 16. Qxf5 cxb5 17. Nd5 Rg8 18. Re7 Rg7 19. Qxf6+ Rf7 20. Qxf7# 1-0

[Event "Challenge"]
[Site "http://www.queenalice.com/game.php?id=1341234"]
[Date "2015.2.13"]
[Round "-"]
[White "samx"]
[Black "Oscar1961"]
[Result "0-1"]
[WhiteElo "1217"]
[BlackElo "1239"]

1. Nf3 d5 2. e3 e6 3. Bb5+ c6 4. Bd3 f6 5. O-O e5 6. e4 Bg4 7. h3 Bxf3 8. Qxf3
dxe4 9. Bxe4 b5 10. c3 Qd6 11. Rd1 Na6 12. d4 g5 13. Bxc6+ Ke7 14. Bxa8 b4 0-1

[Event "Invitation"]
[Site "http://www.queenalice.com/game.php?id=1345659"]
[Date "2015.3.4"]
[Round "-"]
[White "mavidart"]
[Black "samx"]
[Result "1-0"]
[WhiteElo "1573"]
[BlackElo "1217"]

1. d4 Nf6 2. Bg5 h6 3. Bxf6 exf6 4. g3 Bb4+ 5. c3 Ba5 6. b4 Bb6 7. Bh3 O-O 8.
Bf5 d5 9. Qd3 Bxf5 10. Qxf5 g6 11. Qd3 c6 12. Qe3 g5 13. f4 Nd7 14. fxg5 Re8 15.
Qf3 fxg5 16. h4 Kf8 17. Qh5 Qf6 18. hxg5 hxg5 19. Nd2 Ke7 20. O-O-O 1-0